Autobiografia
Salvato in:
| Autore principale: | |
|---|---|
| Natura: | Libro |
| Lingua: | spagnolo |
| Pubblicazione: |
Madrid
Alianza
1993
|
| Edizione: | 1a. ed |
| Serie: | Alianza Cien. Textos Completos, 12
|
| Soggetti: | |
| Tags: |
Aggiungi Tag
Nessun Tag, puoi essere il primo ad aggiungerne!!
|
MARC
| LEADER | 00000cam a2200000 a 4500 | ||
|---|---|---|---|
| 001 | UCH7256 | ||
| 003 | CL-VaPUC | ||
| 008 | 091109e19930000SP |||||||||||||||||spa|d | ||
| 020 | |a 8420646121 | ||
| 082 | 0 | 4 | |a 925.74 |b DAR |2 21 |
| 100 | |a Darwin Charles |e author |9 398 | ||
| 245 | 1 | 0 | |a Autobiografia |
| 250 | |a 1a. ed | ||
| 300 | |a 93 p | ||
| 942 | |c BK | ||
| 945 | |d 20091109 00:00:00 |a lazolas | ||
| 260 | |a Madrid |b Alianza |c 1993 | ||
| 600 | 0 | |a Darwin Charles |9 398 | |
| 600 | 0 | 7 | |a AUTOBIOGRAFIAS |2 CL-VaPUC |9 543678 |
| 650 | 0 | |a Crítica e interpretación |9 255042 | |
| 583 | |a last modification |c 20121026 10:14:56 |k Rodrigo Vera | ||
| 490 | 0 | |a Alianza Cien. Textos Completos, 12 | |
| 999 | |c 337918 |d 337916 | ||